000 00789 a2200289 4500
001 20779
003 TR-AnTOB
005 20260227085655.0
008 041102s2002 tu tur
020 _a9757016454
040 _aTR-AnTOB
_beng
_erda
_cTR-AnTOB
041 _atur
050 _aPL248.K3697
_bP3 2002
090 _aPL248.K3697 P3 2002
100 1 _aKarakoç, Abdurrahim,
_d1932-2012
_960050
245 0 _aParmak izi /
_cAbdurrahim Karakoç.
264 1 _aAnkara :
_bAlperen Yayın Dağıtım,
_c2002
300 _a137 p. ;
_c21 cm.
336 _atext
_btxt
_2rdacontent
337 _aunmediated
_bn
_2rdamedia
338 _avolume
_bnc
_2rdacarrier
490 0 _aAlperen Yayınları ;
_v43
650 7 _aTürk şiiri
_2etuturkob
_984273
902 _a0009088
942 _cBK
_2lcc
999 _c20779
_d7459